Statistics for Only 20 Countries on the World Map #2

Click here to take the quiz!

General Stats

  • This quiz has been taken 4,470 times
  • The average score is 18 of 20

Answer Stats

Country % Correct
Mexico
99%
Australia
99%
Chile
99%
Mongolia
97%
Saudi Arabia
96%
Turkey
95%
Pakistan
92%
Afghanistan
90%
Germany
89%
Austria
88%
Lesotho
87%
Ecuador
87%
Latvia
86%
Guyana
85%
Kenya
84%
Zimbabwe
80%
Senegal
79%
Costa Rica
79%
Cambodia
77%
Malawi
77%

Score Distribution

Percentile by Number Answered

Percent of People with Each Score

Your Score History

You have not taken this quiz